Lo invisible : Angelita /
Guardat en:
| Autor principal: | |
|---|---|
| Altres autors: | , |
| Format: | Electrònic eBook |
| Idioma: | espanyol |
| Publicat: |
Madrid :
Biblioteca Nueva : Fundación Argentaria,
c1998.
|
| Col·lecció: | Colección Arriba el telón! ;
2. |
| Matèries: | |
| Accés en línia: | Digitalia Hispánica |
| Etiquetes: |
Afegir etiqueta
Sense etiquetes, Sigues el primer a etiquetar aquest registre!
|
MARC
| LEADER | 00000nam a2200000Ii 4500 | ||
|---|---|---|---|
| 001 | DIGBN00202 | ||
| 003 | NyNyDIG | ||
| 006 | m o d | ||
| 007 | cr ||||||||||| | ||
| 008 | 100915s1998 sp ob 000 0 spa d | ||
| 020 | |z 8470305476 | ||
| 020 | |z 9788470305474 | ||
| 035 | |a (OCoLC)606986371 | ||
| 040 | |a DGITA |b eng |e pn |c DGITA | ||
| 050 | 1 | 4 | |a PQ6623.A816 eBook |
| 100 | 1 | |a Azorín, |d 1873-1967 | |
| 240 | 1 | 0 | |a Invisible |
| 245 | 1 | 0 | |a Lo invisible : |b Angelita / |c Azorín ; introducción, César Oliva ; orientaciones para el montaje, José Luís Alonso de Santos. |
| 246 | 3 | |a Invisible ; Angelita | |
| 264 | 1 | |a Madrid : |b Biblioteca Nueva : |b Fundación Argentaria, |c c1998. | |
| 300 | |a 1 online resource (158 pages) | ||
| 336 | |a text |b txt |2 rdacontent | ||
| 337 | |a computer |b c |2 rdamedia | ||
| 338 | |a online resource |b cr |2 rdacarrier | ||
| 490 | 1 | |a Colección Arriba el telón! ; |v 2. | |
| 504 | |a Includes bibliographical references (p. [37]-40) | ||
| 655 | 0 | |a Electronic books. | |
| 700 | 1 | |a Azorín, |d 1873-1967 |t Angelita. | |
| 700 | 1 | |a Oliva, Cesar, |d 1945- | |
| 700 | 1 | |a Alonso de Santos, José Luis, |d 1942- | |
| 791 | 2 | |a Digitalia (Firm), |e distributor. | |
| 740 | 0 | 2 | |a Angelita |
| 830 | 0 | |a Colección Arriba el telón! ; |v 2. | |
| 793 | 0 | |g Digitalia eBook Collection: |a Biblioteca Nueva | |
| 856 | 4 | 0 | |3 Digitalia Hispánica |u https://digitalia.unach.elogim.com/a/4473/ |
| 910 | |a Premium Collection: 2007-2012 | ||